[Event "III.International Chess Festival Eforie "]
[Site "Eforie Nord"]
[Date "2011.06.20"]
[Round "1.2"]
[White "Fedorov, Alexei"]
[Black "Telea, Stefan"]
[Result "1-0"]
[WhiteElo "2592"]
[BlackElo "2110"]
[PlyCount "69"]
[EventDate "2011.06.20"]

1. e4 c5 2. Nf3 Nc6 3. d4 cxd4 4. Nxd4 Qb6 5. Nb3 Nf6 6. Nc3 e6 7. Bd3 Bb4 8.
Bd2 O-O 9. O-O d5 10. exd5 exd5 11. h3 h6 12. Re1 Be6 13. Qf3 Be7 14. Rad1 Rfd8
15. a3 a6 16. Re2 Rac8 17. Rde1 Kh8 18. Bf4 d4 19. Na4 Qa7 20. Rxe6 fxe6 21.
Rxe6 b5 22. Rxc6 Rxc6 23. Qxc6 bxa4 24. Qxa4 Nd5 25. Bd2 Bf6 26. Qxa6 Qe7 27.
Qc6 Qe5 28. Nc5 Qh5 29. Ne4 Be5 30. g3 Nf6 31. Nxf6 gxf6 32. Qe6 Rd6 33. Qc8+
Kg7 34. Bc4 Qd1+ 35. Kh2 1-0

[Event "III.International Chess Festival Eforie "]
[Site "Eforie Nord"]
[Date "2011.06.20"]
[Round "1.3"]
[White "Pachia, Mihai"]
[Black "Malakhatko, Vadim"]
[Result "0-1"]
[WhiteElo "2084"]
[BlackElo "2546"]
[PlyCount "96"]
[EventDate "2011.06.20"]

1. e4 c5 2. Nf3 e6 3. d3 Nc6 4. g3 d5 5. Nbd2 Bd6 6. Bg2 Nge7 7. O-O O-O 8. Nh4
b6 9. f4 dxe4 10. dxe4 Ba6 11. Re1 Rc8 12. e5 Bb8 13. c3 Na5 14. Qg4 Bd3 15.
Ne4 Bc2 16. Bf3 b5 17. Be3 Nc4 18. Bc1 a6 19. Bd1 Bxe4 20. Rxe4 Nf5 21. Bc2 g6
22. Nf3 Ba7 23. Ng5 h5 24. Qe2 Qb6 25. Kg2 Rfd8 26. h3 h4 27. gxh4 Nxh4+ 28.
Kh2 Nf5 29. Qg2 Qc6 30. Nf3 Nb6 31. Re2 Ng7 32. Bd2 c4 33. Be3 Qc7 34. Rg1 Nd5
35. Nd4 Nxe3 36. Rxe3 Rxd4 37. cxd4 Bxd4 38. Bxg6 fxg6 39. Qxg6 Qf7 40. Qe4
Bxe3 41. Qxe3 Rd8 42. a4 Rd3 43. Qe4 Qf5 44. Qxf5 exf5 45. Rg6 Rb3 46. Rxa6 b4
47. e6 Rxb2+ 48. Kg3 Re2 0-1

[Event "III.International Chess Festival Eforie "]
[Site "Eforie Nord"]
[Date "2011.06.20"]
[Round "1.4"]
[White "Manolache, Marius"]
[Black "Puskas, Janos"]
[Result "1-0"]
[WhiteElo "2545"]
[BlackElo "2069"]
[PlyCount "49"]
[EventDate "2011.06.20"]

1. d4 Nf6 2. Nf3 e6 3. c4 c5 4. d5 exd5 5. cxd5 Bd6 6. g3 O-O 7. Bg2 Re8 8. O-O
a6 9. a4 Bc7 10. d6 Ba5 11. Na3 Nc6 12. Nc4 b5 13. Nxa5 Qxa5 14. Be3 b4 15. Nd2
Ng4 16. Nc4 Nxe3 17. fxe3 Qd8 18. Qd5 Bb7 19. Qxf7+ Kh8 20. Qh5 Rc8 21. Rf4 Re6
22. Raf1 Qe8 23. Bh3 g5 24. Rf7 h6 25. Bxe6 1-0

[Event "III.International Chess Festival Eforie "]
[Site "Eforie Nord"]
[Date "2011.06.20"]
[Round "1.5"]
[White "Chircu, Vadim"]
[Black "Miron, Lucian-Costin"]
[Result "0-1"]
[WhiteElo "2069"]
[BlackElo "2506"]
[PlyCount "118"]
[EventDate "2011.06.20"]

1. e4 e5 2. Nf3 Nc6 3. Bc4 Bc5 4. c3 Nf6 5. d3 a6 6. Bb3 O-O 7. Nbd2 Ba7 8. O-O
d6 9. h3 Be6 10. Re1 Bxb3 11. axb3 d5 12. exd5 Qxd5 13. Nc4 Rfe8 14. Be3 Bxe3
15. Rxe3 b5 16. Ncd2 Qd7 17. Ng5 Nd5 18. Rg3 f5 19. b4 h6 20. Ngf3 f4 21. Rg6
Kh7 22. Rxc6 Qxc6 23. Qe2 Qd6 24. Ne4 Qe7 25. Nc5 Nf6 26. Rxa6 Rxa6 27. Nxa6 c6
28. Nc5 Qd6 29. Nd2 Qd5 30. Nde4 Nxe4 31. Nxe4 Rd8 32. Qh5 Kg8 33. Qg4 Qxd3 34.
Qe6+ Kh8 35. Qxe5 f3 36. Ng3 fxg2 37. Kxg2 Qd5+ 38. Qxd5 Rxd5 39. Ne4 Rd3 40.
f3 Kh7 41. Kg3 g5 42. Kf2 Rd1 43. Ke3 Kg6 44. Nf2 Rd8 45. Ng4 Kh5 46. Ke4 Rd2
47. b3 Rb2 48. Kd3 Rxb3 49. Kd4 Ra3 50. Ne5 Kh4 51. Nxc6 Kxh3 52. Kd3 Kg2 53.
Nd4 h5 54. Ne6 Kxf3 55. Nxg5+ Kf4 56. Ne6+ Kg4 57. Nd4 h4 58. Nxb5 Ra8 59. Nd4
h3 0-1

[Event "III.International Chess Festival Eforie "]
[Site "Eforie Nord"]
[Date "2011.06.20"]
[Round "1.6"]
[White "Badea, Bela"]
[Black "Mitrica, Octavian-Dianu"]
[Result "1-0"]
[WhiteElo "2491"]
[BlackElo "2010"]
[PlyCount "85"]
[EventDate "2011.06.20"]

1. Nf3 Nf6 2. g3 g6 3. b3 b6 4. Bb2 Bg7 5. Bg2 Bb7 6. O-O O-O 7. c4 c5 8. e3 e6
9. Qe2 d5 10. d3 Nc6 11. Nbd2 Re8 12. Ne5 Nxe5 13. Bxe5 Qd7 14. Nf3 a5 15. Qb2
Qe7 16. d4 Nh5 17. dxc5 Qxc5 18. Rfc1 Rac8 19. Bxg7 Nxg7 20. Ne5 Qe7 21. Ng4
Red8 22. cxd5 Rxc1+ 23. Rxc1 exd5 24. Qf6 Qxf6 25. Nxf6+ Kf8 26. Rc7 Ba8 27.
Nxh7+ Kg8 28. Nf6+ Kf8 29. Nd7+ Ke8 30. Nxb6 a4 31. Nxa8 axb3 32. axb3 Rxa8 33.
Bxd5 Ra1+ 34. Kg2 Ne6 35. Bxe6 fxe6 36. h4 Rb1 37. Rb7 Kd8 38. g4 Kc8 39. Re7
g5 40. hxg5 Rxb3 41. g6 Rb5 42. g7 Rg5 43. Re8+ 1-0

[Event "III.International Chess Festival Eforie "]
[Site "Eforie Nord"]
[Date "2011.06.20"]
[Round "1.7"]
[White "Radu, Constantin"]
[Black "Gavrilov, Alexei"]
[Result "0-1"]
[WhiteElo "2003"]
[BlackElo "2478"]
[PlyCount "102"]
[EventDate "2011.06.20"]

1. e4 e5 2. Bc4 Nf6 3. d3 Bc5 4. Nf3 d6 5. O-O O-O 6. h3 c6 7. Bb3 Nbd7 8. c3
Bb6 9. Bg5 h6 10. Bh4 Re8 11. Bg3 Nf8 12. Nbd2 Be6 13. Nc4 Bc7 14. Ne3 d5 15.
Qc2 Ng6 16. Rfe1 Qd7 17. Kh2 Nh5 18. Ng1 Rad8 19. Rad1 a6 20. Nf1 Qe7 21. Qe2
Nhf4 22. Qf3 dxe4 23. dxe4 Bxb3 24. axb3 Qe6 25. c4 Bb6 26. Ne2 Qf6 27. Ne3 Nd3
28. Qxf6 gxf6 29. Ng4 Kg7 30. Rf1 h5 31. Ne3 Bxe3 32. fxe3 Nxb2 33. Rb1 Rd2 34.
Ng1 Red8 35. Nf3 Rd1 36. Nh4 Rxb1 37. Rxb1 Nxh4 38. Rxb2 Ng6 39. Bf2 Rd3 40.
Kg3 Nf8 41. Kf3 Ne6 42. Ke2 Rd7 43. h4 Nc5 44. Kf3 a5 45. Rb1 Rd3 46. b4 axb4
47. Rxb4 Rc3 48. Bg3 Rc2 49. Rb1 Rxc4 50. Be1 b5 51. Ba5 Nxe4 0-1

[Event "III.International Chess Festival Eforie "]
[Site "Eforie Nord"]
[Date "2011.06.20"]
[Round "1.8"]
[White "Peptan, Corina-Isabela"]
[Black "Bizovi, Mihai"]
[Result "1/2-1/2"]
[WhiteElo "2421"]
[BlackElo "1979"]
[PlyCount "86"]
[EventDate "2011.06.20"]

1. c4 g6 2. g3 Bg7 3. Bg2 d6 4. Nf3 Nf6 5. O-O O-O 6. Nc3 Nc6 7. d3 e5 8. Rb1
a5 9. a3 Re8 10. Ne1 Be6 11. Nd5 Qd7 12. Bg5 Bxd5 13. cxd5 Ne7 14. e4 c6 15.
dxc6 Nxc6 16. Qd2 Nd4 17. Nf3 Nb3 18. Qd1 Qe6 19. Nd2 Nxd2 20. Qxd2 Nd7 21. Be3
Nc5 22. b4 axb4 23. axb4 Nb3 24. Qd1 Ra3 25. Re1 Rc8 26. Re2 Rc3 27. Rc2 Nd4
28. Rxc3 Rxc3 29. Qa4 Qc8 30. Bf1 h5 31. b5 h4 32. Qd1 hxg3 33. hxg3 Bf6 34.
Bxd4 exd4 35. Qa4 Kg7 36. Qa7 Rc2 37. Rb4 Qg4 38. Qa1 Be5 39. Qe1 Qf3 40. Rb3
g5 41. Bg2 Qg4 42. Rb1 b6 43. Qf1 Rd2 1/2-1/2

[Event "III.International Chess Festival Eforie "]
[Site "Eforie Nord"]
[Date "2011.06.21"]
[Round "2.2"]
[White "Ogleznev, Alexandr"]
[Black "Fedorov, Alexei"]
[Result "0-1"]
[WhiteElo "2335"]
[BlackElo "2592"]
[PlyCount "92"]
[EventDate "2011.06.20"]

1. e4 c5 2. Nf3 e6 3. d4 cxd4 4. Nxd4 a6 5. Nc3 b5 6. Bd3 Bb7 7. O-O Bc5 8. Nb3
Be7 9. Qe2 b4 10. Nd1 Nc6 11. f4 d6 12. Nf2 Qc7 13. Bd2 Nf6 14. a3 a5 15. axb4
axb4 16. Rxa8+ Bxa8 17. c3 bxc3 18. Bxc3 e5 19. fxe5 dxe5 20. Kh1 O-O 21. Ng4
Nxg4 22. Qxg4 Bb4 23. Rc1 Bxc3 24. Rxc3 Qd6 25. h3 Nb4 26. Bc4 g6 27. Qe2 Kg7
28. Nd2 Rd8 29. Nf3 f6 30. Qe3 Bc6 31. Rc1 Rd7 32. Kh2 Qb8 33. b3 Qb7 34. Nd2
Rd4 35. Qf2 Bxe4 36. Rf1 Bf5 37. Nf3 Rd6 38. Ra1 Rd7 39. Qc5 Be4 40. Kg1 Nc6
41. Ra6 Nd4 42. Rd6 Rxd6 43. Qxd6 Nxb3 44. Qe6 Nd4 45. Qg8+ Kh6 46. Bf7 Qb4 0-1

[Event "III.International Chess Festival Eforie "]
[Site "Eforie Nord"]
[Date "2011.06.21"]
[Round "2.3"]
[White "Malakhatko, Vadim"]
[Black "Maksimov, Oleg"]
[Result "1-0"]
[WhiteElo "2546"]
[BlackElo "2333"]
[PlyCount "71"]
[EventDate "2011.06.20"]

1. d4 Nf6 2. c4 d6 3. Nf3 c6 4. Nc3 Qc7 5. e4 e5 6. Be2 Be7 7. O-O O-O 8. Be3
Nbd7 9. d5 c5 10. Ne1 a6 11. a4 h6 12. Nd3 Nh7 13. g3 Bf6 14. a5 Re8 15. f3 Rb8
16. b4 cxb4 17. Na4 Bg5 18. Bf2 b5 19. axb6 Nxb6 20. h4 Nxc4 21. hxg5 Nxg5 22.
Qc1 Bh3 23. Ndb2 Bxf1 24. Kxf1 f5 25. Qxc4 Qf7 26. exf5 e4 27. f4 e3 28. fxg5
Qxf5 29. Qf4 Qh3+ 30. Kg1 hxg5 31. Qf3 Rf8 32. Qxe3 Rbe8 33. Bf1 Qh5 34. Qd4
Rf6 35. Re1 Ref8 36. Re7 1-0

[Event "III.International Chess Festival Eforie "]
[Site "Eforie Nord"]
[Date "2011.06.21"]
[Round "2.4"]
[White "Nevednichy, Boris M"]
[Black "Manolache, Marius"]
[Result "0-1"]
[WhiteElo "2269"]
[BlackElo "2545"]
[PlyCount "68"]
[EventDate "2011.06.20"]

1. b4 d5 2. Bb2 Bg4 3. c4 dxc4 4. Qc2 Nf6 5. e3 e6 6. Qxc4 Nbd7 7. Nc3 Bd6 8.
Ne4 Nxe4 9. Qxe4 Bf5 10. Qc4 O-O 11. Nf3 Qe7 12. a3 a5 13. b5 e5 14. Be2 Kh8
15. a4 Be6 16. Qc2 f5 17. O-O Bd5 18. Bc4 Bxc4 19. Qxc4 e4 20. Nd4 Ne5 21. Qe6
Qh4 22. f4 exf3 23. Nxf3 Nxf3+ 24. Rxf3 Qxh2+ 25. Kf2 Rae8 26. Qd5 Qh4+ 27. Ke2
Qg4 28. g3 Bb4 29. d3 c6 30. bxc6 bxc6 31. Qc4 f4 32. Bc1 Re5 33. d4 fxg3 34.
Qxc6 Ref5 0-1

[Event "III.International Chess Festival Eforie "]
[Site "Eforie Nord"]
[Date "2011.06.21"]
[Round "2.5"]
[White "Miron, Lucian-Costin"]
[Black "Breahna, Radu"]
[Result "1-0"]
[WhiteElo "2506"]
[BlackElo "2272"]
[PlyCount "107"]
[EventDate "2011.06.20"]

1. Nf3 c5 2. c4 g6 3. g3 Bg7 4. Bg2 Nc6 5. Nc3 d6 6. O-O Nf6 7. e3 O-O 8. d4
Rb8 9. Qe2 Nd7 10. Rd1 a6 11. b3 b5 12. cxb5 axb5 13. Bb2 cxd4 14. Nxd4 Nxd4
15. exd4 b4 16. Na4 Nf6 17. d5 Bg4 18. Bf3 Bxf3 19. Qxf3 Rb5 20. Rac1 Qa8 21.
Bxf6 Bxf6 22. Rc6 Kg7 23. Qd3 Qb7 24. Qc4 Ra8 25. Rc7 Qa6 26. Qc6 Rbb8 27. Rd2
Qxc6 28. dxc6 Rc8 29. Rxc8 Rxc8 30. Rc2 Bd4 31. c7 e5 32. Rc6 Kf8 33. Nb6 Bxb6
34. Rxb6 Rxc7 35. Rxb4 Rc2 36. a4 Ke7 37. a5 Ra2 38. Rb7+ Ke6 39. b4 d5 40.
Rb6+ Kf5 41. a6 d4 42. Rd6 e4 43. b5 d3 44. h3 Ra5 45. Rd8 d2 46. Rxd2 Rxb5 47.
Ra2 Rb8 48. Kf1 Ke5 49. Ke2 Ra8 50. a7 Kd5 51. Ke3 f5 52. Kf4 Kc6 53. Kg5 Kb7
54. h4 1-0

[Event "III.International Chess Festival Eforie "]
[Site "Eforie Nord"]
[Date "2011.06.21"]
[Round "2.7"]
[White "Gavrilov, Alexei"]
[Black "Barzanu, Iulian"]
[Result "1-0"]
[WhiteElo "2478"]
[BlackElo "2229"]
[PlyCount "117"]
[EventDate "2011.06.20"]

1. d4 d6 2. Nf3 g6 3. c4 Bg7 4. Nc3 Nf6 5. e4 O-O 6. Be2 e5 7. Be3 Ng4 8. Bg5
f6 9. Bh4 g5 10. Bg3 Nh6 11. h3 Nf7 12. d5 f5 13. exf5 Bxf5 14. O-O Nd7 15. Bd3
Bxd3 16. Qxd3 Nc5 17. Qc2 a5 18. Nd2 Nh6 19. Nde4 b6 20. Qd2 Bf6 21. f3 Nf5 22.
Bf2 h6 23. Rad1 Bg7 24. b3 Qd7 25. Rfe1 Rf7 26. Nb5 Ne7 27. Qc2 Raf8 28. Ng3
Ra8 29. a3 a4 30. b4 Nb3 31. Qd3 Raf8 32. Nc3 Nd4 33. Bxd4 exd4 34. Nb5 Be5 35.
Ne2 Nf5 36. Nbxd4 Nh4 37. Rf1 h5 38. Ne6 Qe7 39. Nxf8 Qxf8 40. Nd4 Qg7 41. Ne6
Qf6 42. Qe3 Bf4 43. Nxf4 gxf4 44. Qe6 Qb2 45. Rf2 Qxa3 46. Qh6 Nf5 47. Qg5+ Ng7
48. Re2 Kh7 49. Rde1 Rf5 50. Qd8 Qxb4 51. Re7 Qb2 52. Rxc7 Re5 53. Rxe5 Qxe5
54. Qe7 Qb2 55. Qe4+ Kg8 56. Rc8+ Kf7 57. Qxf4+ Kg6 58. Qxd6+ Kh7 59. Rc6 1-0

[Event "III.International Chess Festival Eforie "]
[Site "Eforie Nord"]
[Date "2011.06.21"]
[Round "2.8"]
[White "Cosma, Ioan"]
[Black "Jiroveanu, George"]
[Result "1/2-1/2"]
[WhiteElo "2410"]
[BlackElo "2218"]
[PlyCount "80"]
[EventDate "2011.06.20"]

1. d4 f5 2. g3 Nf6 3. Bg2 e6 4. Nf3 d5 5. O-O Be7 6. c4 c6 7. b3 O-O 8. Ba3 Bd7
9. Bxe7 Qxe7 10. Nbd2 Be8 11. Ne5 Bh5 12. Ndf3 Nbd7 13. Qd3 Nxe5 14. Nxe5 Nd7
15. Nxd7 Qxd7 16. f4 Qe7 17. Bf3 Bxf3 18. exf3 dxc4 19. Qxc4 Rad8 20. Rfe1 Rd6
21. Rad1 Qd7 22. Kg2 Rd8 23. Re5 Rd5 24. Rxd5 Qxd5 25. Qxd5 Rxd5 26. Kf2 Kf7
27. Ke3 Ke7 28. Rc1 Kd6 29. g4 Ra5 30. a4 Rd5 31. h4 c5 32. dxc5+ Rxc5 33. Rd1+
Rd5 34. Rg1 fxg4 35. fxg4 b5 36. h5 a5 37. g5 h6 38. Rg3 bxa4 39. bxa4 Rc5 40.
Kd4 Rf5 1/2-1/2

[Event "III.International Chess Festival Eforie "]
[Site "Eforie Nord"]
[Date "2011.06.21"]
[Round "2.9"]
[White "Stegariu, Vlad-Ionut"]
[Black "Petrosian, Suren"]
[Result "0-1"]
[WhiteElo "2220"]
[BlackElo "2392"]
[PlyCount "54"]
[EventDate "2011.06.20"]

1. d4 Nf6 2. c4 c5 3. d5 b5 4. cxb5 a6 5. bxa6 g6 6. Nc3 Bxa6 7. Nf3 d6 8. g3
Bg7 9. Bg2 Nbd7 10. Rb1 Nb6 11. O-O Bc4 12. Nd2 Bxa2 13. Nxa2 Rxa2 14. Nc4 Nxc4
15. Qb3 Qa8 16. Qxc4 O-O 17. Bd2 Nd7 18. Bc3 Qa4 19. Qd3 Ne5 20. Qe3 Rb8 21. f4
Nc4 22. Qxe7 Re8 23. Qc7 Bxc3 24. bxc3 Rexe2 25. Rb8+ Kg7 26. Bf3 Qc2 27. Qd8
Rg2+ 0-1

[Event "III.International Chess Festival Eforie "]
[Site "Eforie Nord"]
[Date "2011.06.21"]
[Round "2.10"]
[White "Somoff, Abdo"]
[Black "Zozulia, Anna"]
[Result "0-1"]
[WhiteElo "2172"]
[BlackElo "2371"]
[PlyCount "108"]
[EventDate "2011.06.20"]

1. d4 c5 2. d5 d6 3. e4 Nf6 4. Nc3 g6 5. Nf3 Bg7 6. h3 O-O 7. Be2 b5 8. Bxb5
Nxe4 9. Nxe4 Qa5+ 10. Nc3 Bxc3+ 11. bxc3 Qxb5 12. Qd3 Ba6 13. Qxb5 Bxb5 14. Bh6
Re8 15. Nd2 Nd7 16. a4 Ba6 17. a5 Rab8 18. Kd1 Nf6 19. c4 e6 20. Bg5 Kg7 21.
Bxf6+ Kxf6 22. Ne4+ Ke7 23. Nd2 Kd7 24. dxe6+ Rxe6 25. Re1 Rxe1+ 26. Kxe1 Kc6
27. Ra3 Re8+ 28. Kd1 d5 29. Rf3 f5 30. g4 Bc8 31. cxd5+ Kxd5 32. Rd3+ Kc6 33.
f3 Ba6 34. c4 Bc8 35. Kc2 fxg4 36. hxg4 h5 37. gxh5 Bf5 38. Ne4 gxh5 39. Rd6+
Kc7 40. Rd5 Bxe4+ 41. fxe4 Rxe4 42. Rxc5+ Kd6 43. Rd5+ Ke6 44. Kc3 Re5 45. Rb5
h4 46. a6 h3 47. Rb2 Rh5 48. Rh2 Kd6 49. Kb4 Kc6 50. c5 Rh4+ 51. Ka5 Kxc5 52.
Rc2+ Kd5 53. Rh2 Rh5 54. Kb5 Rh6 0-1

[Event "III.International Chess Festival Eforie "]
[Site "Eforie Nord"]
[Date "2011.06.22"]
[Round "3.1"]
[White "Petrosian, Suren"]
[Black "Tiviakov, Sergei"]
[Result "1/2-1/2"]
[WhiteElo "2392"]
[BlackElo "2622"]
[PlyCount "48"]
[EventDate "2011.06.20"]

1. c4 e5 2. Nc3 Nf6 3. Nf3 Nc6 4. g3 d5 5. cxd5 Nxd5 6. Bg2 Nb6 7. O-O Be7 8.
Rb1 Be6 9. b4 e4 10. Nxe4 Bxa2 11. Ra1 Bd5 12. Nc3 Nxb4 13. Nxd5 N6xd5 14. Bb2
O-O 15. d4 c6 16. e4 Nc7 17. Qb3 a5 18. Ne5 Ra6 19. Bh3 Nb5 20. Rfd1 Qa8 21.
Rac1 a4 22. Qc4 a3 23. Ba1 a2 24. Nd7 Na3 1/2-1/2

[Event "III.International Chess Festival Eforie "]
[Site "Eforie Nord"]
[Date "2011.06.22"]
[Round "3.2"]
[White "Fedorov, Alexei"]
[Black "Miron, Lucian-Costin"]
[Result "1/2-1/2"]
[WhiteElo "2592"]
[BlackElo "2506"]
[PlyCount "106"]
[EventDate "2011.06.20"]

1. e4 e5 2. Nf3 Nc6 3. Bb5 a6 4. Ba4 Nf6 5. O-O Be7 6. Re1 b5 7. Bb3 d6 8. c3
O-O 9. d4 Bg4 10. d5 Na5 11. Bc2 c6 12. h3 Bc8 13. dxc6 Qc7 14. Nbd2 Qxc6 15.
Nf1 Re8 16. Ng3 Be6 17. Ng5 Bd7 18. a4 h6 19. Nf3 Bf8 20. Nh2 Qc8 21. axb5 axb5
22. Bd3 Qb7 23. Qf3 Bc6 24. Bxh6 d5 25. Ng4 Re6 26. Bg5 Nxe4 27. Nxe4 dxe4 28.
Bxe4 Bxe4 29. Qxe4 Qxe4 30. Rxe4 Rea6 31. Rxe5 f6 32. Bxf6 Nc4 33. Rxa6 Rxa6
34. Rxb5 gxf6 35. h4 Kf7 36. g3 Ra1+ 37. Kg2 Rb1 38. b4 Rc1 39. h5 Rxc3 40.
Rb7+ Be7 41. h6 Nd6 42. h7 Rc8 43. Nh6+ Kg7 44. Rxe7+ Kxh6 45. Re6 Nb5 46. Rb6
Na3 47. Ra6 Nb5 48. Rxf6+ Kxh7 49. Rb6 Nd4 50. b5 Rc2 51. Rb7+ Kg6 52. b6 Rb2
53. Rd7 Ne6 1/2-1/2

[Event "III.International Chess Festival Eforie "]
[Site "Eforie Nord"]
[Date "2011.06.22"]
[Round "3.3"]
[White "Zozulia, Anna"]
[Black "Malakhatko, Vadim"]
[Result "0-1"]
[WhiteElo "2371"]
[BlackElo "2546"]
[PlyCount "64"]
[EventDate "2011.06.20"]

1. e4 c6 2. d4 d5 3. e5 Bf5 4. Nc3 a6 5. Be3 e6 6. g4 Bg6 7. Nge2 c5 8. dxc5
Nd7 9. Nd4 Bxc5 10. Bg2 h5 11. Qe2 hxg4 12. O-O-O Ne7 13. h3 Bxd4 14. Bxd4 Nf5
15. hxg4 Rxh1 16. Bxh1 Qg5+ 17. Kb1 Nxd4 18. Rxd4 Qxe5 19. Qd2 Qh2 20. Qe1
O-O-O 21. Bf3 Ne5 22. Be2 Nc6 23. Rd2 Rh8 24. Nd1 Qf4 25. Ne3 Be4 26. a3 Rh1
27. Nf1 Kb8 28. Rd1 d4 29. Ka2 f6 30. c3 e5 31. Bd3 Bxd3 32. Rxd3 Qxg4 0-1

[Event "III.International Chess Festival Eforie "]
[Site "Eforie Nord"]
[Date "2011.06.22"]
[Round "3.4"]
[White "Manolache, Marius"]
[Black "Gavrilov, Alexei"]
[Result "1/2-1/2"]
[WhiteElo "2545"]
[BlackElo "2478"]
[PlyCount "106"]
[EventDate "2011.06.20"]

1. d4 Nf6 2. c4 e6 3. Nf3 b6 4. e3 Bb7 5. Be2 d5 6. O-O Bd6 7. b3 O-O 8. Bb2
Nbd7 9. Nc3 c5 10. Nb5 Be7 11. cxd5 Nxd5 12. dxc5 Nxc5 13. Rc1 h6 14. Nbd4 Bf6
15. Ba3 Rc8 16. Rc2 Re8 17. Qc1 Qd7 18. Bc4 Ne4 19. Ne2 b5 20. Bxd5 Bxd5 21.
Bb2 Rxc2 22. Qxc2 Rc8 23. Qb1 Be7 24. Rd1 Qc7 25. Rc1 Qb7 26. Nf4 Rxc1+ 27.
Qxc1 Bc6 28. Ne5 Be8 29. Ned3 Qc6 30. Qxc6 Bxc6 31. f3 Nc5 32. Nxc5 Bxc5 33.
Kf2 Bd6 34. Nd3 f6 35. Bd4 Kf7 36. e4 Bc7 37. b4 a5 38. bxa5 Bxa5 39. Bc5 Bc7
40. h3 f5 41. Ke3 fxe4 42. fxe4 e5 43. Nb4 Bd7 44. Nd5 Bd8 45. Kd3 Ke6 46. a3
Bc6 47. Nb4 Be8 48. Bf8 g6 49. Bc5 h5 50. Nd5 Bc6 51. Nb4 Bb7 52. Bf2 Be7 53.
Be1 Bd6 1/2-1/2

[Event "III.International Chess Festival Eforie "]
[Site "Eforie Nord"]
[Date "2011.06.22"]
[Round "3.5"]
[White "Badea, Bela"]
[Black "Jiroveanu, George"]
[Result "1/2-1/2"]
[WhiteElo "2491"]
[BlackElo "2218"]
[PlyCount "65"]
[EventDate "2011.06.20"]

1. Nf3 d5 2. b3 Nf6 3. Bb2 Bf5 4. d3 e6 5. Nh4 Bg6 6. g3 Nbd7 7. Bg2 c6 8. O-O
Bd6 9. Nd2 Qe7 10. a3 Bh5 11. Qe1 Be5 12. c3 Bc7 13. b4 h6 14. c4 a5 15. Bc3
axb4 16. axb4 Rxa1 17. Qxa1 Bxe2 18. Re1 Bxd3 19. Qa8+ Qd8 20. Qxb7 dxc4 21.
Bxf6 gxf6 22. Nxc4 Bxc4 23. Qxc6 O-O 24. Qxc4 Ne5 25. Qf4 Bb6 26. Rf1 Kg7 27.
Nf3 Ng6 28. Qc4 Qd6 29. Re1 Rd8 30. Bf1 Rd7 31. b5 Rc7 32. Qd3 Qc5 33. Re2
1/2-1/2

[Event "III.International Chess Festival Eforie "]
[Site "Eforie Nord"]
[Date "2011.06.22"]
[Round "3.7"]
[White "Agafii, Victor"]
[Black "Cosma, Ioan"]
[Result "0-1"]
[WhiteElo "2253"]
[BlackElo "2410"]
[PlyCount "88"]
[EventDate "2011.06.20"]

1. d4 e6 2. c4 Bb4+ 3. Bd2 Bxd2+ 4. Qxd2 d5 5. Nc3 Nf6 6. e3 O-O 7. b3 Qe7 8.
f4 c5 9. Nf3 Nc6 10. Be2 b6 11. Ne5 Bb7 12. Bf3 Rfd8 13. O-O Na5 14. cxd5 Nxd5
15. Nxd5 Bxd5 16. e4 Bb7 17. d5 f5 18. Qc2 exd5 19. exd5 Bxd5 20. Qxf5 Qf6 21.
Qh5 Nc6 22. Rae1 Bxf3 23. Rxf3 Nd4 24. Rh3 Qf5 25. Qxf5 Nxf5 26. Nc6 Rd7 27. g4
Nd4 28. Ne5 Re7 29. Rf1 Ne2+ 30. Kg2 Nxf4+ 31. Rxf4 Rxe5 32. Rd3 Rf8 33. Kf3
Re7 34. Rxf8+ Kxf8 35. h4 Rf7+ 36. Ke4 Ke7 37. Ke5 Rf2 38. a4 g6 39. Rh3 h5 40.
g5 Rf5+ 41. Ke4 Ke6 42. Rd3 Re5+ 43. Kf4 Rd5 44. Re3+ Kd6 0-1

[Event "III.International Chess Festival Eforie "]
[Site "Eforie Nord"]
[Date "2011.06.22"]
[Round "3.8"]
[White "Cosma, Elena-Luminita"]
[Black "Chirita, Andra-Marina"]
[Result "1-0"]
[WhiteElo "2328"]
[BlackElo "2057"]
[PlyCount "57"]
[EventDate "2011.06.20"]

1. d4 e6 2. Nf3 f5 3. g3 b6 4. Bg2 Bb7 5. O-O Nf6 6. c4 Bd6 7. Nc3 O-O 8. b3 a5
9. Bb2 Qe7 10. Nb5 Na6 11. Rc1 Rab8 12. Nxd6 Qxd6 13. Ne1 Bxg2 14. Nxg2 Qe7 15.
Nf4 g5 16. Nd3 Nb4 17. Ba3 c5 18. dxc5 bxc5 19. Bb2 Nxd3 20. Qxd3 a4 21. Be5
Rb6 22. Rfd1 Ne4 23. Qxd7 Qxd7 24. Rxd7 Nf6 25. Rc7 axb3 26. axb3 Rxb3 27. Ra1
Rb4 28. Raa7 Rxc4 29. Rg7+ 1-0

[Event "III.International Chess Festival Eforie "]
[Site "Eforie Nord"]
[Date "2011.06.22"]
[Round "3.10"]
[White "Puskas, Janos"]
[Black "Ogleznev, Alexandr"]
[Result "0-1"]
[WhiteElo "2069"]
[BlackElo "2335"]
[PlyCount "78"]
[EventDate "2011.06.20"]

1. d4 Nf6 2. Nf3 g6 3. c4 Bg7 4. g3 O-O 5. Bg2 d6 6. Nc3 Nc6 7. d5 Na5 8. Qd3
c5 9. O-O a6 10. Nd2 Rb8 11. a4 Bf5 12. e4 Bd7 13. h3 e6 14. dxe6 Bxe6 15. f4
Qb6 16. Ra3 Rfe8 17. Kh2 Nc6 18. Nd5 Qd8 19. Qf3 Nd4 20. Qf2 Nxd5 21. exd5 Bd7
22. Ne4 f5 23. Nc3 Qf6 24. Bf3 Nxf3+ 25. Qxf3 Qd4 26. Nd1 Qxc4 27. Ne3 Qe4 28.
Qd1 b5 29. axb5 Bxb5 30. Re1 Qd4 31. Qc2 Re4 32. Rd1 Qb4 33. Ra2 Ba4 34. Rxa4
Qxa4 35. Qe2 Rbe8 36. Rd3 Bd4 37. Ra3 Qb5 38. Qf3 Bxe3 39. Bxe3 Qxb2+ 0-1

[Event "III.International Chess Festiv"]
[Site "Eforie Nord"]
[Date "2011.06.23"]
[Round "4.2"]
[White "Tiviakov, Sergei"]
[Black "Peptan, Corina-Isabela"]
[Result "1-0"]
[WhiteElo "2622"]
[BlackElo "2421"]
[PlyCount "83"]
[EventDate "2011.06.20"]

1. e4 c5 2. Nf3 d6 3. d4 cxd4 4. Nxd4 Nf6 5. Nc3 Nc6 6. Bg5 e6 7. Qd2 a6 8.
O-O-O Bd7 9. f4 Be7 10. Nf3 Qc7 11. e5 dxe5 12. fxe5 Ng4 13. Bxe7 Nxe7 14. h3
Nh6 15. Ne4 O-O-O 16. Bd3 Kb8 17. Nd6 Nc8 18. Qg5 Rdg8 19. Nxc8 Bxc8 20. g4 f6
21. exf6 Nf7 22. Qh4 Qf4+ 23. Nd2 Ne5 24. Rhf1 Nxd3+ 25. cxd3 Qc7+ 26. Kb1 gxf6
27. Qxf6 h5 28. Nf3 hxg4 29. hxg4 Rf8 30. Qe5 Rhg8 31. Rc1 Qxe5 32. Nxe5 Rxf1
33. Rxf1 Kc7 34. d4 Kd6 35. Kc2 Bd7 36. Kd2 Be8 37. Rh1 Bg6 38. Ke3 Bc2 39. a3
Bg6 40. Rh6 Bc2 41. Rf6 Rg7 42. Rf7 1-0

[Event "III.International Chess Festiv"]
[Site "Eforie Nord"]
[Date "2011.06.23"]
[Round "4.3"]
[White "Cosma, Ioan"]
[Black "Manolache, Marius"]
[Result "1/2-1/2"]
[WhiteElo "2410"]
[BlackElo "2545"]
[PlyCount "75"]
[EventDate "2011.06.20"]

1. d4 Nf6 2. Nf3 g6 3. c4 Bg7 4. g3 O-O 5. Bg2 d6 6. O-O a6 7. Nc3 Nc6 8. Qd3
Bd7 9. e4 Bg4 10. d5 Bxf3 11. Qxf3 Nd4 12. Qd1 c5 13. dxc6 Nxc6 14. Bd2 Nd7 15.
Rb1 Rb8 16. Nd5 b5 17. cxb5 axb5 18. Rc1 Nce5 19. Bg5 Nf6 20. Bxf6 Bxf6 21. b3
Nd7 22. Qe2 Kg7 23. Rfd1 Qa5 24. Bh3 Rb7 25. Bxd7 Rxd7 26. Nxf6 exf6 27. Rd5
Qa3 28. Rcd1 Rb8 29. Rxb5 Rxb5 30. Qxb5 Re7 31. Qa4 Qxa4 32. bxa4 Rxe4 33. Rxd6
Rxa4 34. Rd2 f5 35. f4 h6 36. Kf2 Kf6 37. h4 Ra3 38. Kg2 1/2-1/2

[Event "III.International Chess Festiv"]
[Site "Eforie Nord"]
[Date "2011.06.23"]
[Round "4.4"]
[White "Miron, Lucian-Costin"]
[Black "Petrosian, Suren"]
[Result "1/2-1/2"]
[WhiteElo "2506"]
[BlackElo "2392"]
[PlyCount "82"]
[EventDate "2011.06.20"]

1. d4 Nf6 2. c4 c5 3. d5 b5 4. cxb5 a6 5. bxa6 g6 6. Nc3 Bxa6 7. g3 d6 8. Bg2
Bg7 9. Nf3 Nbd7 10. Rb1 Nb6 11. b3 Bc8 12. Nh4 h6 13. Qc2 Qd7 14. Bb2 g5 15.
Nf3 Qf5 16. e4 Qg6 17. O-O O-O 18. Qd2 Nxe4 19. Nxe4 Bxb2 20. Rxb2 Qxe4 21.
Nxg5 Qb4 22. Ne4 Qxd2 23. Rxd2 Ra3 24. Nc3 Rd8 25. Re1 Kf8 26. f4 Rd7 27. Bh3
Rb7 28. Bf1 Bf5 29. Nb5 Ra5 30. a4 c4 31. bxc4 Rxa4 32. Nd4 Bc8 33. Nc6 Rc7 34.
Rb2 Nxc4 35. Rb8 e6 36. Bh3 Kg7 37. dxe6 fxe6 38. Nd8 Nd2 39. Nxe6+ Bxe6 40.
Rxe6 Ra2 41. Re2 Nf3+ 1/2-1/2